000 00341nam a22001337a 4500
020 _a9505279191
080 _a343 (82) C 498
245 _aCodigo Penal de la Republica Argentina
260 _aBuenos Aires:
_bLa Ley
_c2003
300 _a680 P.
650 _xcodigo penal
_xlegislacion complementaria
945 _acd
_d2022-03-18
999 _c5151
_d235655
942 _6_